Medicina vascular (Registro nro. 296514)

Detalles MARC
000 -ENCABEZADO
Número de control [NR] 01159nam a2200325Mu 4500
005 - FECHA Y HORA DE LA ÚLTIMA TRANSACCIÓN
control field 20180313061554.0
008 - DE LONGITUD FIJA DE DATOS DE ELEMENTOS - INFORMACIÓN GENERAL
Elementos de longitud fija [NR] 140811s2013 sp ado fr 001 0 spa d
020 ## - NUMERO INTERNACIONAL NORMALIZADO PARA LIBROS [R]
Número Internacional Normalizado del libro [NR] 8490224617
020 ## - NUMERO INTERNACIONAL NORMALIZADO PARA LIBROS [R]
Número Internacional Normalizado del libro [NR] 9788490224618
040 ## - FUENTE DE CATALOGACION [NR]
Agencia de catalogación original [NR] CO-BoUCM
Idioma de catalogación [NR] spa
Quien Cataloga Jose A. Gerena
Quien Clasifica Jose A. Gerena
041 1# - CODIGO DE IDIOMA [R]
Código de idioma para texto/pista de sonido o título separado [R] Español
060 ## - SIGNATURA TOPOGRAFICA DE LA BIBLIOTECA NACIONAL DE MEDICINA (NLM) [R]
Número clasificador [R] WG 500
100 1# - ASIENTO PRINCIPAL--NOMBRE PERSONAL [NR]
Nombre personal [NR] Creager, Mark A.
ID Autoridad 63692
245 10 - MENCION DE TITULO [NR]
Título [NR] Medicina vascular
Parte restante del título [NR] Complemento de Braunwald. Tratado de Cardiología
250 ## - MENCION DE EDICION [NR]
Mención de edición [NR] 2a ed
260 ## - PUBLICACION, DISTRIBUCION, ETC. (PIE DE IMPRENTA) [R]
Lugar de publicación, distribución, etc. [R] Barcelona (España)
Nombre del editor, distribuidor, etc. [R] Elsevier
Fecha de publicación, distribución, etc. [R] 2013
300 ## - DESCRIPCION FISICA [R]
Extensión [R] xx, 852 páginas
Otros detalles físicos [NR] ilustraciones, cuadros, gráficas, fotografías a color
504 ## - NOTA DE BIBLIOGRAFIA, ETC. [R]
Nota de bibliografía, etc. [NR] Incluye referencias bibliográficas e índices
650 #7 - ASIENTO SECUNDARIO DE MATERIA - TERMINO TEMATICO [R]
9 (RLIN) 14480
Término temático o nombre geográfico como elemento de entrada [NR] Enfermedades vasculares
650 #7 - ASIENTO SECUNDARIO DE MATERIA - TERMINO TEMATICO [R]
9 (RLIN) 25906
Término temático o nombre geográfico como elemento de entrada [NR] Tromboembolismo
650 #7 - ASIENTO SECUNDARIO DE MATERIA - TERMINO TEMATICO [R]
9 (RLIN) 26112
Término temático o nombre geográfico como elemento de entrada [NR] Vasos sanguíneos
650 #7 - ASIENTO SECUNDARIO DE MATERIA - TERMINO TEMATICO [R]
9 (RLIN) 9543
Término temático o nombre geográfico como elemento de entrada [NR] Arterias
650 #7 - ASIENTO SECUNDARIO DE MATERIA - TERMINO TEMATICO [R]
Término temático o nombre geográfico como elemento de entrada [NR] Isquemia
9 (RLIN) 18040
690 ## - ASUNTO AGREGADO LOCAL DE ENTRADA - TÉRMINO TEMÁTICO (OCLC, RLIN)
9 (RLIN) 42752
Acceso temático local Cardiología
700 1# - ASIENTO SECUNDARIO - NOMBRE PERSONAL [R]
Nombre personal [NR] Beckman, Joshua A.
9 (RLIN) 63693
700 1# - ASIENTO SECUNDARIO - NOMBRE PERSONAL [R]
Nombre personal [NR] Loscalzo, Joseph
9 (RLIN) 63694
765 ## - ASIENTO DE IDIOMA ORIGINAL [R]
Título [NR] Vascular medicine
856 ## - LOCALIZACION Y ACCESO ELECTRONICOS [R]
Identificador Uniforme del Recurso (“URI”) [R] <a href="www.expertconsult.com">www.expertconsult.com</a>
Nota dirigida al público [R] Este recurso requiere clave, por favor solicítela en la USEB
942 ## - ELEMENTOS DE ENTRADA AGREGADOS (KOHA)
Tema principal Medicina
Tipo de ítem principal el descrito en 300a Libro
Edición 2
Parte restante de la signatura top. C912
Sistema de clasificación NLM
Clasificación WG 500
Título oculto en OPAC No
Existencias
Fecha de último préstamo Total préstamos Total Renewals Signatura topográfica Código de barras Última vez visto Volúmen / Fascículo Ejemplar Costo de reposición Price effective from Tipo de ítem Perdido Sistema de clasificación Dañado No prestable Tipo de ítem específico Suprimido Ubicación habitual Ubicación actual Localización Fecha de creación Proveedor Forma de adquisición Costo
12/11/2025 40 35 WG 500 C912 200026517 11/12/2025 2a.Ed. Ej.1 231000.00 11/08/2014 Libro   NLM     Libro   Quinta de Mutis Quinta de Mutis 2do piso 11/08/2014 26 Compra 231000.00